| 000 | 00475nam a2200157 i 4500 | ||
|---|---|---|---|
| 001 | bg | ||
| 100 | 1 | _aBurlackij, Fëdor Mihajlovič. | |
| 245 | 0 |
_aSocjologia, polityka, stosunki międzynarodowe / _cFiodor Michajłowicz Burłacki, Aleksander Abramovicz Gałkin. |
|
| 260 |
_aWarszawa, _c1978. |
||
| 700 | 1 |
_aGalkin, Aleksandr Abramovič _d(1922- ). |
|
| 040 | _cBPK | ||
| 041 | _apol | ||
| 080 | _a32:316:330.85 | ||
| 942 | _cKS | ||
| 008 | s pl f |000 0 pol | ||
| 999 |
_c9617 _d9617 |
||
| 856 |
_uhttp://koha.tu.koszalin.pl/cgi-bin/koha/opac-detail.pl?biblionumber=9617 _yKatalog online BPK |
||